Statistiken für Schutzfristen im Archiv

Klicken Sie hier um das Quiz zu spielen!

Allgemein

  • Dieses Quiz wurde 5 mal gespielt
  • Das Durchschnittsergebnis liegt bei 6 aus 8

Antwortstatistiken

HintAntwort% Korrekt
Geburtenregister110 Jahre
100%
Allgemeine Schutzfrist (ArchivG NRW)30 Jahre
100%
Sterberegister30 Jahre
100%
bei besonderen Geheimhaltungsvorschriften60 Jahre
100%
Eheregister (PstG NRW)80 Jahre
100%
...falls beides nicht bekannt:{60 Jahre} nach Entstehung der Unterlagen
67%
...falls obiges nicht bekannt:{100 Jahre} nach {Geburt der betreffenden Person}
33%
bei personenbezogenen Unterlagen{10 Jahre} nach {Tod der betreffenden Person}
33%

Verteilung der Resultate

Perzentil nach korrekt beantworteten Fragen

Anzahl Personen mit jedem Resultat

Ihre Resultats-Entwicklung

Sie haben dieses Quiz noch nicht gespielt